00765cam a2200229 a 4500999001500000001000500015003000900020005001700029008004100046020001500087040002800102082001600130245006900146250001200215260005300227300004200280504005100322650001300373700002300386942001200409952011400421 c4826d48264385BD-DhUAP20201215142809.0201122s1998 mauab b 001 0 eng  a0716728699 aDLCcDLCbengdBD-DhUAP00a570 LIF22300aLife :bthe science of biology /cWilliam K. Purves... [et al.]. a5th ed. aSunderland, Mass. :bSinauer Associates,cc1998. a1243 pages :billustrations ;c29 cm. aIncludes bibliographical references and index. 0aBiology.1 aPurves, William K. 2ddccBK 00102ddc4070aUAPCLbUAPCLcGeneral Stacksd2020-11-22o570 LIFp3010004385r2020-11-22t1w2020-11-22yBK